War stories

Guardat en:
Dades bibliogràfiques
Autors principals: MacLean, Alistair (autor), McCormac, Charles (Autor), Boyle, Vera (Autor), Orczy, Baroness (Autor), Williams, Eric (Autor), Serraillier, Ian (Autor), Wells, H. G (Autor), Simpson, John (Autor), Buckly, Anthony (Autor), Rees, David (Autor), McAllister, Hayden (Autor), McKee, Alexander (Autor), Dumas, Alexander (Autor), Hall, Basil (Autor), Johns, W. E (Autor), Bartimeus (Autor), Marryat (Autor), Macaulay (Autor), Walsh, Jill Paton (Autor), Mercer, Cavalie (Autor), Needle, Jan (Autor), Hargest, James (Autor), Stevenson, Robert Louis (Autor), Cooper, James Fennimore (Autor), Benson, Irving (Autor), Lee, Arthur Lee (Autor), Martelli, George (Autor), Hillary, Richard (Autor), Jones, Howard (Autor), Hamilton, R. G. A (Autor), Wheatley, Dennis (Autor)
Format: Llibre
Idioma:anglès
Publicat: Londres Octopus Books 1987
Matèries:
Etiquetes: Afegir etiqueta
Sense etiquetes, Sigues el primer a etiquetar aquest registre!

MARC

LEADER 00000cam a2200000 a 4500
001 UCF5158
003 CL-VaPUC
008 130117e19870000UK |||||||||||||||||eng|d
020 |a 9780706429281 
082 0 4 |a 823  |b MAC  |2 21 
100 |a MacLean, Alistair  |e autor  |9 566884 
700 0 |a McCormac, Charles  |e author  |9 566885 
700 0 |a Boyle, Vera  |e author  |9 566886 
700 |a Orczy, Baroness  |e author  |9 566887 
700 0 |a Williams, Eric  |e author  |9 566888 
700 0 |a Serraillier, Ian  |e author  |9 566889 
700 0 |a Wells, H. G  |e author  |9 566890 
700 0 |a Simpson, John  |e author  |9 566891 
700 0 |a Buckly, Anthony  |e author  |9 566892 
700 0 |a Rees, David  |e author  |9 566893 
700 0 |a McAllister, Hayden  |e author  |9 566894 
700 0 |a McKee, Alexander  |e author  |9 566895 
700 0 |a Dumas, Alexander  |e author  |9 566896 
700 0 |a Hall, Basil  |e author  |9 510471 
700 0 |a Johns, W. E  |e author  |9 566897 
700 0 |a Bartimeus  |e author  |9 566898 
700 0 |a Marryat  |e author  |9 566899 
700 0 |a Macaulay  |e author  |9 566900 
700 0 |a Walsh, Jill Paton  |e author  |9 566901 
700 0 |a Mercer, Cavalie  |e author  |9 566902 
700 0 |a Needle, Jan  |e author  |9 566903 
700 0 |a Hargest, James  |e author  |9 566904 
700 0 |a Stevenson, Robert Louis  |e author  |9 348874 
700 0 |a Cooper, James Fennimore  |e author  |9 566905 
700 0 |a Benson, Irving  |e author  |9 566906 
700 0 |a Lee, Arthur Lee  |e author  |9 566907 
700 0 |a Martelli, George  |e author  |9 566908 
700 0 |a Hillary, Richard  |e author  |9 566909 
700 0 |a Jones, Howard  |e author  |9 566910 
700 0 |a Hamilton, R. G. A  |e author  |9 566911 
700 0 |a Wheatley, Dennis  |e author  |9 566912 
245 1 0 |a War stories 
300 |a 302 p 
942 |c BK 
945 |d 20130117 00:00:00  |a dcastane 
260 |a Londres  |b Octopus Books  |c 1987 
650 0 |a Novelas inglesas  |9 265220 
650 0 |a Literatura inglesa  |9 312907 
650 0 |a Guerras  |9 255273 
650 0 |a Soldados  |9 437744 
583 |a last modification  |c 20130117 11:37:00  |k Rodrigo Vera 
999 |c 350757  |d 350755 
952 |0 0  |1 0  |4 0  |6 823_000000000000000_MAC_1987  |7 0  |8 A  |9 454335  |a BIBEDU  |b BIBEDU  |d 2019-11-22  |i 4935187  |o 823 MAC 1987  |p 4935187  |r 2019-11-22  |w 2019-11-22  |y BK  |k CIT